[Event "Enghien les Bains"]
[Site "Enghien les Bains"]
[Date "2003.06.22"]
[Round "9"]
[White "Kortschnoj, Viktor Lvovich"]
[Black "Bareev, Evgeny"]
[Result "1/2-1/2"]
[WhiteElo "2632"]
[BlackElo "2734"]
[Annotator "Huzman,A"]
[PlyCount "58"]
[EventDate "2003.06.13"]
[EventType "tourn"]
[EventRounds "9"]
[EventCountry "FRA"]
[EventCategory "17"]
[SourceTitle "CBM 096"]
[Source "ChessBase"]
[SourceDate "2003.09.25"]
[SourceVersion "1"]
[SourceVersionDate "2003.09.25"]
[SourceQuality "1"]

1. d4 d5 2. c4 c6 3. Nf3 Nf6 4. Qb3 dxc4 5. Qxc4 Bg4 6. Nbd2 Nbd7 (6... e6 7.
Ne5 (7. g3 Be7 8. Bg2 Qd5 9. O-O O-O 10. b3 Nbd7 11. Bb2 Qh5 12. Rfe1 $14 {
1-0 Moutousis,K-Ornithopoulos,N/Ano Liosia 1992/EXT 2003 (40)}) (7. h3 Bh5 8.
g4 Bg6 9. Ne5 Nbd7 10. Nxg6 hxg6 11. Bg2 Be7 12. O-O e5 13. dxe5 Nxe5 14. Qc3
Qc7 15. Nf3 $2 Nfxg4 $17 {0-1 Piven,I-Steiner,B/Budapest 1994/EXT 97 (42)})
7... Bf5 8. f3 Nfd7 9. e4 Bg6 10. Qc3 Qc7 11. Be2 a5 12. Nd3 Bd6 13. e5 Be7 14.
Ne4 O-O 15. O-O Nb6 16. Nf4 $14 {1/2-1/2 Von Kiedrowski,K-Meyer Cording,C/
Hessen 1992/GER (47)}) 7. g3 (7. h3 Bh5 8. g3 e6 9. Bg2 Be7 10. O-O O-O 11. Qb3
Qb6 12. Nc4 Qa6 13. Re1 Rfd8 $11 {0-1 Gritsak,O-Bareev,E/Warsaw 2002/CB03 (23)}
) 7... Qc7 (7... e6 8. Bg2 Bd6 (8... Qa5 9. O-O Be7 (9... Qh5 10. Re1 Rd8 11.
Qb3 Nb6 12. e4 Be7 13. Qc3 Nfd7 14. b3 O-O 15. Bb2 Bf6 $132 {1-0 Fedder,
S-Bellon Lopez,J/Groningen 1970/EXT 2001 (40)}) 10. Qb3 Qb6 11. a4 Qxb3 12.
Nxb3 a5 13. Re1 Bxf3 14. Bxf3 Bb4 15. Rd1 O-O 16. Bd2 Bxd2 17. Rxd2 {1/2-1/2
Dreev,A-Morozevich,A/Tallinn 2003/CBM 93_01 (17)}) (8... Be7 9. O-O Bh5 (9...
O-O 10. b4 (10. e4 Rc8 11. e5 Nd5 12. Ne4 c5 13. Bg5 cxd4 14. Qxd4 Bxf3 15.
Bxe7 Nxe7 16. Bxf3 Nc6 $17 {0-1 Arkell,K-Conquest,S/Scarborough 1999/CBM 71
ext (29)}) (10. Ne5 Bh5 11. Ndf3 (11. Nxd7 Nxd7 12. Nb3 Bd6 13. e4 Qe7 14. Be3
Kh8 15. a4 a5 16. Bd2 Nb6 17. Qc2 Bb4 18. Be3 Nd7 19. h3 Rac8 20. Rac1 Rcd8 21.
f4 f5 22. Bd2 Nf6 23. e5 Nd5 24. Nxa5 $16 {1-0 Rashkovsky,N-Najer,E/St
Petersburg 1998/CBM 67 (75)}) 11... c5 12. Nxd7 Nxd7 13. dxc5 Bxf3 14. Bxf3 Ne5
15. Qe4 Nxf3+ 16. Qxf3 Bxc5 17. Qxb7 Rb8 18. Qf3 Qa5 19. Rd1 Rfd8 20. Bf4 e5
21. Rxd8+ Rxd8 22. Be3 $16 {1/2-1/2 Portisch,L-Barczay,L/Budapest 1964/MCD (42)
}) 10... Nb6 11. Qb3 Qd5 12. a3 Bxf3 13. Qxf3 Qxd4 14. Nb3 Qd7 15. Bf4 Rfd8 16.
Nc5 Qc8 $17 {0-1 Tetenkina,I-Olafsson,H/Aaland-Stockholm 1997/EXT 98 (31)}) 10.
Qb3 Nb6 11. a4 a5 12. Nb1 O-O 13. Rd1 Nbd5 14. Nc3 Ra6 15. e3 Qb6 16. Qxb6 Rxb6
$11 {1/2-1/2 Yevseev,D-Najer,E/Samara 2000/CBM 78 (67)}) 9. O-O (9. Qb3 Nb6 (
9... Qb6 10. Nc4 Qxb3 11. Nxd6+ Ke7 12. axb3 Bxf3 13. Bxf3 Kxd6 14. Bd2 Rhd8
15. Ba5 Nb6 16. e3 Nfd7 17. Ke2 e5 18. Rhd1 $16 {1-0 Razuvaev,Y-Pelletier,Y/
Biel 1995/CBM 48 ext (39)}) 10. O-O O-O 11. Nc4 Nxc4 12. Qxc4 Qa5 13. Bd2 Qh5
14. Bb4 Ne4 15. Bxd6 Nxd6 16. Qb4 Rfd8 17. Rac1 Qb5 18. Qxb5 Nxb5 $11 {1/2-1/2
Andrianov,N-Kharitonov,A/Jurmala 1983/MCL (30)}) 9... O-O 10. Qc2 Bc7 11. b3 e5
12. Bb2 Re8 $10 {Portisch,L-Polugaevsky,L/Budapest/1963}) (7... Bxf3 8. Nxf3
Qa5+ (8... e6 9. Bg2 Bd6 10. O-O O-O 11. Rd1 {1/2-1/2 Knezevic,M-Garcia
Palermo,C/Bayamo 1985/MCL (11)}) 9. Bd2 Qd5 10. Qd3 Ne4 11. Be3 e6 12. Bg2 Qa5+
13. Kf1 Nef6 14. Bf4 Rd8 15. Qc2 Be7 16. Nd2 O-O 17. Bf3 c5 18. Nb3 Qa4 19.
dxc5 Nxc5 20. Kg2 $14 {1-0 Portisch,L-Kozomara,V/Sarajevo 1963/MCD (63)}) (7...
Qa5 8. Bg2 e5 9. O-O Bd6 $6 10. Qb3 $1 $16 {1-0 Taimanov,M-Novopashin,A/
Yerevan 1962/URS-ch/[Moiseev] (32)}) 8. Bg2 e5 $2 (8... e6 9. O-O Be7 10. e4
$14) 9. Nxe5 Nxe5 10. dxe5 Qxe5 11. h3 ({White has overlooked an opportunity
to gain some material advantage:} 11. Bxc6+ $1 bxc6 12. Qxc6+ Ke7 13. Qb7+ Ke6
(13... Nd7 14. Qb4+ Nc5 15. Qxg4 $18) 14. f3 Rb8 15. Qc6+ Qd6 16. Qc4+ Qd5 17.
fxg4 $16) 11... Bd7 12. Qb3 Bc5 (12... O-O-O 13. Nc4 Qc5 14. Be3 Qb4+ 15. Bd2
Qxb3 16. axb3 $36) 13. Nc4 (13. Qxb7 Rb8 (13... O-O $5 14. Nf3 Qe7 15. Bf4 Bb4+
16. Kf1 Nd5 $44) 14. Nc4 Bxf2+ 15. Kxf2 Ng4+ (15... Ne4+ 16. Kg1 (16. Bxe4 Qf6+
17. Bf4 Rxb7 18. Nd6+ Ke7 19. Nxb7 g5 $19) 16... Qxg3 17. Qxb8+ Qxb8 18. Bxe4
Qg3+ 19. Bg2 $16) 16. Kg1 Qxg3 (16... Rxb7 17. Nxe5 Nxe5 18. b3 f6 19. Kf2 $14)
17. Qxb8+ Qxb8 18. hxg4 Qb4 19. Ne3 Qe1+ 20. Nf1 Qxe2 $13) 13... Qe6 14. Qxb7
O-O $44 15. Qb3 Ne4 16. e3 $6 (16. Be3 $5 Rfb8 (16... Rab8 17. Qc2 Bb4+ 18. Kf1
f5 19. Bxa7 Rbe8 $44) (16... Bxe3 17. Nxe3 $16) 17. Qc2 (17. Qd3 Bb4+ 18. Nd2
f5 19. O-O) 17... Bb4+ (17... Nxg3 18. Bxc5 Nxh1 19. Bxh1 Qxh3 20. O-O-O $18) (
17... Bxe3 18. Bxe4 $16) 18. Kf1 Nd6 19. Rc1 $16) 16... Rab8 17. Qc2 Bb4+ 18.
Kf1 (18. Nd2 Nxg3 19. fxg3 Qxe3+ 20. Kf1 (20. Kd1 Qxg3 21. Ne4 Rbd8 $1 $19)
20... c5 $44 (20... Qxg3 $40)) 18... Rfe8 19. a3 Bc3 $1 20. Qxe4 Qxe4 21. Bxe4
Rxe4 22. Nd6 (22. bxc3 Rxc4 23. Bd2 Rb2 24. Rd1 Be6 $44) 22... Re6 23. bxc3
Rxd6 24. Kg2 Rd3 25. e4 (25. c4 c5 $44) 25... c5 $1 26. Be3 (26. Bf4 Rb3 (26...
Rd8 $5 27. g4 Bc6 28. f3 Rxc3 29. Rhc1 Rdd3 $11) 27. Rab1 Rdxc3 28. Rxb3 Rxb3
29. Rd1 Rb7 30. Rc1 Bc6 31. f3 Rb2+ 32. Kg1 Bd7 33. g4 Rb3 $11) 26... Bc6 $11
27. Rhe1 Rxc3 28. Rac1 Bxe4+ 29. Kh2 Rxc1 1/2-1/2

[Event "EU-Cup 21st"]
[Site "Saint Vincent"]
[Date "2005.09.22"]
[Round "5.6"]
[White "Vaganian, Rafael A"]
[Black "Fressinet, Laurent"]
[Result "1/2-1/2"]
[WhiteElo "2614"]
[BlackElo "2627"]
[Annotator "Huzman,A"]
[PlyCount "86"]
[EventDate "2005.09.18"]
[EventType "team-swiss"]
[EventRounds "7"]
[EventCountry "ITA"]
[SourceTitle "CBM 110"]
[Source "ChessBase"]
[SourceDate "2006.01.31"]
[SourceVersion "1"]
[SourceVersionDate "2006.01.31"]
[SourceQuality "1"]
[WhiteTeam "Cheliabinsk"]
[BlackTeam "Paris NAO"]
[WhiteTeamCountry "RUS"]
[BlackTeamCountry "FRA"]

1. Nf3 d5 2. d4 Nf6 3. c4 c6 4. Qb3 dxc4 5. Qxc4 Bg4 6. Nc3 Nbd7 7. e4 (7. Qb3
Qb6 8. e4 Qxb3 (8... Bxf3 9. gxf3 e5 10. Qxb6 axb6 11. dxe5 Nxe5 12. Be2 Ng6
13. Be3 Bc5 $11 {1/2-1/2 Bany,J-Adamski,J/Bytom 1986/MCL (25)}) 9. axb3 Bxf3
10. gxf3 e5 11. dxe5 Nxe5 12. Be2 Ned7 13. Be3 Bc5 14. O-O-O Ke7 15. f4 Bxe3+
16. fxe3 Nb6 17. Bf3 Nfd7 18. Rhg1 g6 19. e5 $14 {1/2-1/2 Foisor,O-Heinbuch,D/
Buende 1985/EXT 2001 (22)}) (7. Qd3 Qb6 8. e3 Bxf3 9. gxf3 e5 10. dxe5 Nxe5 11.
Qf5 Ned7 {1/2-1/2 Poluljahov,A-Kharitonov,A/Kstovo 1997/CBM 59 (11)}) (7. Bg5
Bxf3 8. gxf3 Qa5 9. Bxf6 Nxf6 10. b4 Qb6 11. b5 e6 12. bxc6 Bb4 13. e4 O-O 14.
Bd3 Qa5 15. Rc1 Rac8 16. a3 Qxa3 {0-1 Wolrich,C-Stripunsky,A/New York USA 2004/
(16)}) (7. Ng5 Bh5 8. e4 e5 9. Be2 Bg6 10. dxe5 Nxe5 11. Qb3 h6 12. Nf3 Nxf3+
13. Bxf3 Qb6 $10 {Ivkov,B-Mihaljcisin,M/Yugoslavia 1962/MAS D20 ZR (13)}) 7...
Bxf3 (7... Nb6 8. Qd3 Bxf3 9. gxf3 g6 10. a4 a5 11. Be3 Bg7 12. d5 Nbd7 13. f4
O-O 14. Be2 e5 $132 {0-1 Dolezal,J-Kavalek,L/Kosice 1961/MCD (30)}) (7... e6 8.
Be3 Be7 9. Be2 O-O 10. O-O b5 (10... Bh5 11. Rfd1 Qb8 12. a4 a5 13. Rac1 $14 {
1-0 Benkovic,P-Gattenloehner,S/Winterthur SUI 2004/(40)}) 11. Qxc6 b4 12. Na4
Rc8 13. Qa6 Nxe4 14. Rac1 Rxc1 15. Rxc1 Ng5 16. Nxg5 Bxe2 17. Qxe2 Bxg5 18. Qb5
$14 {0-1 Lebredo,G-Nogueiras,J/Havana 1982/MCD (40)}) 8. gxf3 e5 (8... e6 9.
Be3 (9. Bh3 Be7 10. Be3 Qa5 11. O-O-O Nb6 12. Qb3 Qb4 13. Qxb4 Bxb4 14. Rhg1 g6
15. Bh6 $14 {1-0 Hasek,V-Dvorak,V/Czechia 2002/EXT 2003 (33)}) 9... Be7 10. Be2
O-O {Lebredo,G-Nogueiras,J/La Habana 1982/MAS D20 ZR (10)}) 9. Be3 Qa5 (9...
exd4 $142 10. Bxd4 Bd6 11. O-O-O Qc7 12. Bh3 b5 13. Qe2 O-O $11 {Andersson,
U-Christiansen,L/London 1982/MAS D20 ZR (14)}) 10. O-O-O exd4 11. Bxd4 Bd6 12.
Bh3 $1 Bf4+ (12... Ne5 13. Qb3 O-O 14. f4 $16) (12... Be5 13. Be3 $36 {[%cal
Gf3f4]}) 13. Kb1 Ne5 14. Qb3 $6 ({White could win an important tempo by the
move} 14. Qf1 $1 {[%cal Gc3e2]} c5 (14... O-O 15. Ne2 Bh6 16. f4 $16) (14...
Qb4 15. Ne2 Nxf3 16. Qg2 Nd2+ 17. Ka1 $18) 15. Be3 Bxe3 16. fxe3 c4 {and after}
17. Qg2 O-O 18. Rhg1 Ne8 19. Qg5 $16 {the initiative of White is very
dangerous.}) 14... c5 15. Be3 Bxe3 16. fxe3 O-O 17. f4 c4 18. Qa3 (18. Qc2 Nd3
19. Rhg1 Rad8 20. Qg2 g6 21. e5 Nd5 22. Nxd5 Rxd5 23. Bf5 Rfd8 $15) 18... Qxa3
19. bxa3 Nd3 20. e5 Ne8 21. Rd2 Nc7 22. Bf5 Nc5 23. Rd6 Rae8 {[%cal Yf7f6]
Black has better perspectives in this endgame because of his preferable pawn
structure.} (23... f6 $5 24. exf6 Rxf6 25. Rxf6 gxf6 26. Rg1+ Kh8 $11) 24. Rg1
Kh8 25. Bc2 f6 $15 26. exf6 Rxf6 27. Rxf6 gxf6 28. Rg3 Re7 29. Bf5 b5 30. e4 ({
Transfering the Rg3 to the fifth rank could White give good drawing chances.} 
30. Rh3 $5 a5 31. Rh5 $1 {[%cal Gh5c5]} b4 32. Bc2 $132) 30... Nb7 $1 {[%cal
Yb7d6]} (30... Nd3 31. Nd5 Nxd5 32. exd5 $132 {[%cal Gd5d6]}) 31. Bh3 a5 (31...
Nd6 32. Bg2 $15) 32. Bg2 Nd6 33. Re3 b4 34. Nd1 Ncb5 $17 35. axb4 axb4 36. e5
fxe5 37. Rxe5 Rf7 38. f5 Na3+ (38... Rxf5 $5 39. Rxf5 Nxf5 40. Bh3 Nfd4 41. Bf1
c3 $17) 39. Kc1 Nxf5 $2 (39... Rxf5 $17) 40. Re8+ Kg7 41. Rb8 $11 c3 (41... Nh4
42. Bd5 Rf1 43. Rxb4 Nf5 44. Kd2 $11) 42. Rxb4 c2 43. Nb2 Ne3 (43... Ne3 44.
Rb3 Nxg2 45. Rxa3 Ne1 $11) (43... Re7 44. Be4 (44. Rb7 $11) 44... Ne3 45. Rb7
Rxb7 46. Bxb7 $11) 1/2-1/2

[Event "ISR-ch"]
[Site "Ramat Aviv/Modiin"]
[Date "2000.12.19"]
[Round "3"]
[White "Kaspi, Alexander"]
[Black "Huzman, Alexander"]
[Result "0-1"]
[WhiteElo "2488"]
[BlackElo "2574"]
[Annotator "Huzman,A"]
[PlyCount "98"]
[EventDate "2000.12.17"]
[EventType "tourn"]
[EventRounds "11"]
[EventCountry "ISR"]
[EventCategory "11"]
[SourceTitle "CBM 081"]
[Source "ChessBase"]
[SourceDate "2001.03.20"]
[SourceVersion "1"]
[SourceVersionDate "2001.03.20"]
[SourceQuality "1"]

1. d4 d5 2. c4 c6 3. Nf3 Nf6 4. Qc2 dxc4 5. Qxc4 Bf5 6. Nc3 e6 7. g3 Nbd7 8.
Bg2 Be7 9. O-O O-O 10. e3 b5 11. Qe2 b4 12. Na4 Qa5 (12... Be4 13. Rd1 Qa5 14.
b3 Qb5 15. Bf1 Qxe2 16. Bxe2 c5 17. Bb2 Rfc8 18. Nd2 Bb7 19. Nc4 cxd4 20. Bxd4
Nc5 21. Nxc5 Bxc5 22. a3 $14 {1/2-1/2 Dreev,A-Dorfman,J/Cap d'Agde FRA 2000/ 
(48)}) 13. b3 Be4 (13... Qb5 14. Re1 Bd3 (14... Rac8 15. a3 Qxe2 16. Rxe2 a5
17. axb4 Bxb4 18. Ba3 Bxa3 19. Rxa3 c5 $11 {0-1 Istratescu,A-Itkis,B/Bucharest
ROM 2000/ (34)}) 15. Qd1 Rac8 16. Bb2 Rfd8 17. Rc1 Qa6 18. Nd2 Bb5 19. Bf1 Qb7
{1/2-1/2 Vasilescu,L-Navrotescu,C/ROM 1993/EXT 98 (19)}) 14. Nd2 (14. Bb2 Qh5
15. Rfe1 Rfd8 16. Rac1 Rac8 17. Ne5 Qxe2 18. Rxe2 Bxg2 19. Kxg2 Nxe5 20. dxe5
Nd7 21. Rec2 c5 22. Bd4 Rc6 23. e4 Ra6 24. Be3 $14 {1-0 Ribshtein,N-Bloemhard,
R/Dieren open 1999 (63)}) 14... Bxg2 15. Kxg2 Nb6 (15... Qd5+ 16. f3 (16. e4
Qxd4 17. Bb2 Qd6 18. e5 Qd5+ 19. f3 Ne8 20. Rfd1 Qb5 21. Nc4 Rd8 $13) 16... e5
(16... c5 17. e4 Qb7 18. dxc5 Nxc5 19. Nxc5 Bxc5 20. Bb2 $14) 17. dxe5 Nxe5 (
17... Qxe5 $5 18. Bb2 Qe6 $14 {[%csl Ra4]}) 18. Bb2 (18. e4 Qb5 $1) 18... Rad8
19. Rad1 Qd3 20. Qxd3 Nxd3 21. Nc4 $14 {/+/-}) 16. Nxb6 (16. Nb2 $5 c5 17. Nbc4
Qa6 18. Bb2 cxd4 19. Bxd4 Rfd8 $11) 16... axb6 17. e4 Qa6 $1 18. Nc4 Qb7 {
[%cal Ya8a6,Yf8a8,Yb7g2]} 19. f3 Ra6 20. Be3 Rfa8 (20... Nd7 21. Rac1 Rfa8 22.
Rc2 $11) 21. Rf2 (21. Ne5 $142 Nd7 22. Nd3 Qa7 23. Rf2 $15 {/=}) 21... Nd7 $1
22. Rd1 $6 (22. Bf4 b5 (22... Bf6 23. Qd2 Qa7 24. Be3 $11) 23. Ne5 (23. Nd6 $2
Qb6 24. Qd3 g5 $19) (23. Ne3 $2 g5 24. Be5 f6 $19) 23... Bf6 24. Rd1 Nxe5 25.
Bxe5 Bxe5 26. dxe5 c5 $15) (22. Qc2 b5 23. Nd2 e5 $36) (22. Rc1 $1 b5 23. Ne5
Nxe5 24. dxe5 $11) 22... b5 23. Ne5 Nxe5 24. dxe5 c5 $17 {White cannot prevent
forming passed pawn on c line.} 25. Rc1 Rc8 26. Qd3 Rac6 27. Rfc2 Qa6 28. h4 c4
29. Qe2 R6c7 30. h5 c3 31. g4 Qc6 $1 {[%cal Yc6e8] This simple Queen`s
maneouvre neutralizes White`s counterplay and Black are exploiting weaknesses
in their opponents position.} 32. g5 Rd8 33. Kg3 Rcc8 34. Rh1 Qe8 35. Qf1 Bc5
$1 36. Bf4 Bd4 $19 {[%csl Re5]} 37. Qh3 Rc5 38. Qg4 (38. h6 g6 39. Qg4 Qe7 $19)
38... Bxe5 39. Bxe5 Rxe5 40. Qf4 Rc5 41. e5 Qe7 42. Rh4 Rcd5 $1 43. g6 Rd4 $1 (
43... fxg6 44. hxg6 h6 45. Qf7+ Qxf7 46. gxf7+ Kxf7 47. Rxb4 $17) 44. gxf7+ (
44. Qxf7+ $142 Qxf7 45. gxf7+ Kxf7 46. Rxd4 Rxd4 47. a3 bxa3 (47... Rd2 48. Rc1
bxa3 49. Rxc3 a2 50. Rc7+ Ke8 51. Ra7) 48. Rxc3 a2 49. Rc7+ Ke8 50. Rc1 (50.
Ra7 Ra4 $19) 50... Kd7 51. Ra1 (51. Kf2 Rd2+ 52. Ke3 Rb2 $19) 51... Rd2 52. Kf4
Re2 $19) 44... Kf8 $1 45. Qxd4 Rxd4 46. Rxd4 Qg5+ 47. Rg4 Qxe5+ 48. Kg2 Qxh5
49. Re4 Qd5 0-1

[Event "Hastings 0001 76th"]
[Site "Hastings"]
[Date "2001.01.02"]
[Round "5"]
[White "Plaskett, H James"]
[Black "Conquest, Stuart"]
[Result "1/2-1/2"]
[WhiteElo "2525"]
[BlackElo "2529"]
[Annotator "Huzman,A"]
[PlyCount "51"]
[EventDate "2000.12.29"]
[EventType "tourn"]
[EventRounds "9"]
[EventCountry "ENG"]
[EventCategory "12"]
[SourceTitle "CBM 081"]
[Source "ChessBase"]
[SourceDate "2001.03.20"]
[SourceVersion "1"]
[SourceVersionDate "2001.03.20"]
[SourceQuality "1"]

1. Nf3 Nf6 2. c4 c6 3. d4 d5 4. Qc2 dxc4 5. Qxc4 Bf5 6. g3 e6 7. Bg2 Nbd7 8.
Nc3 Be7 9. O-O O-O 10. Nh4 $6 Nb6 (10... Bg6 11. Nxg6 hxg6 12. Rd1 Qb6 13. e4
Rac8 14. Qe2 Rfe8 15. Be3 $14 {0-1 Duquesnoy,J-Vidalinc,J/Cannes FRA 2000 (40)}
) (10... Bc2 11. Nd1 Be4 12. f3 Nb6 13. Qb3 Bd5 14. Qc2 Bc4 15. Be3 Nfd5 16.
Bf2 g5 $19 {0-1 Saud,M-Ahmed,H/Abudhabi UAE 1999 (43)}) 11. Qb3 Qxd4 12. Nxf5 (
12. e4 Bg4 13. h3 Bh5 14. g4 Bg6 15. Rd1 Qb4 16. Nxg6 hxg6 17. Bf4 Nfd7 18. Qc2
e5 $17 {1/2-1/2 Gross,S-Bang,A/Lyngby 1990/EXT 97 (51)}) 12... exf5 13. Rd1 Qe5
(13... Qc4 14. Qc2 g6 15. b3 Qe6 16. Bb2 Rfe8 17. Re1 Bf8 18. e4 Bg7 19. Bh3
Qe7 20. exf5 Qxe1+ 21. Rxe1 Rxe1+ 22. Kg2 Rd8 $17 {0-1 Hausner,I-Kallai,G/
Trnava 1985/MCD (32)}) (13... Qc5 14. Be3 Qc4 15. Qc2 Qe6 16. Rd3 Ng4 17. Bxb6
axb6 18. h3 Ne5 $17 {1/2-1/2 Kieboom,B-Comp Fidelity/The Hague 1992/EXT 99 (37)
}) 14. a4 Qe6 15. Qc2 Rfd8 16. Bg5 $1 Nc4 (16... h6 17. Bxf6 Bxf6 (17... Qxf6
18. a5 Nc4 19. Rxd8+ Rxd8 20. Qb3 Nd6 21. a6 $44) 18. Bh3 g6 19. e4 $44) (16...
Nbd5 17. Nxd5 Nxd5 18. Bxd5 cxd5 19. Bxe7 Qxe7 20. Qxf5 Qxe2 21. Rxd5 Rxd5 22.
Qxd5 Qxb2 23. Re1 $44) (16... g6 $5 17. a5 Rxd1+ 18. Rxd1 Nc4 19. a6 bxa6 $17)
17. e4 Nd6 (17... fxe4 18. Re1 Nd6 (18... Ne5 19. Nxe4 Nxe4 20. Bxe7 Qxe7 (
20... Nd2 21. Qc3 Qxe7 22. Rxe5 $44 {[%csl Rd2]}) 21. Bxe4 f5 22. Bg2 Qf6 23.
Ra3 $44) 19. Nxe4 Qf5 (19... Ndxe4 20. Bxe4 Qg4 21. Bxf6 Bxf6 22. Bxh7+ $11)
20. Nxf6+ Bxf6 21. Qxf5 Nxf5 22. Bxf6 gxf6 23. Bh3 Nd4 24. Re7 Rab8 25. Bg4 $44
) 18. e5 $1 Qxe5 19. Re1 Nde4 (19... Nfe4 $2 20. Bxe7 Qxe7 21. f3 $16) 20. Bxe4
(20. Nxe4 fxe4 21. Bxf6 Bxf6 22. Bxe4 Qh5 $17) 20... Nxe4 (20... fxe4 21. Nxe4
Nxe4 22. Bxe7 (22. Bf4 Qc5 23. Qxe4 Bf6 $17) 22... Qxe7 23. Rxe4 Qd7 24. Rae1
Re8 $17) 21. Nxe4 fxe4 22. Bxe7 Qxe7 23. Rxe4 Qd7 24. Rae1 Re8 25. a5 g6 $2 (
25... Rxe4 26. Qxe4 (26. Rxe4 Re8 $17) 26... Rd8 $17) 26. Qc5 $1 (26. Qc5 Rxe4
(26... a6 27. Re7 Rad8 28. Kg2 Rxe7 29. Rxe7 Qd5+ 30. Qxd5 Rxd5 31. Rxb7 Rxa5
$15) 27. Rxe4 Rd8 28. Re7 Qh3 29. Re1 a6 $15) 1/2-1/2

[Event "Samba Cup 2nd"]
[Site "Skanderborg"]
[Date "2005.10.20"]
[Round "6"]
[White "Hansen, Lars Bo"]
[Black "Miton, Kamil"]
[Result "1/2-1/2"]
[WhiteElo "2565"]
[BlackElo "2636"]
[Annotator "Huzman,A"]
[PlyCount "64"]
[EventDate "2005.10.14"]
[EventType "tourn"]
[EventRounds "9"]
[EventCountry "DEN"]
[EventCategory "16"]
[SourceTitle "CBM 110"]
[Source "ChessBase"]
[SourceDate "2006.01.31"]
[SourceVersion "1"]
[SourceVersionDate "2006.01.31"]
[SourceQuality "1"]

1. d4 d5 2. Nf3 Nf6 3. c4 c6 4. Qc2 dxc4 5. Qxc4 Bg4 6. Nbd2 Qa5 (6... Nbd7 7.
g3 (7. h3 Bh5 8. g3 e6 9. Bg2 Be7 10. O-O O-O 11. Qb3 Qb6 12. Nc4 Qa6 13. Re1
Rfd8 $11 {0-1 Gritsak,O-Bareev,E/Warsaw 2002/CB03 (23)}) 7... Qc7 (7... e6 8.
Bg2 Bd6 (8... Qa5 9. O-O Be7 (9... Qh5 10. Re1 Rd8 11. Qb3 Nb6 12. e4 Be7 13.
Qc3 Nfd7 14. b3 O-O 15. Bb2 Bf6 $132 {1-0 Fedder,S-Bellon Lopez,J/Groningen
1970/EXT 2001 (40)}) 10. Qb3 Qb6 11. a4 Qxb3 12. Nxb3 a5 13. Re1 Bxf3 14. Bxf3
Bb4 15. Rd1 O-O 16. Bd2 Bxd2 17. Rxd2 {1/2-1/2 Dreev,A-Morozevich,A/Tallinn
2003/CBM 93_01 (17)}) (8... Be7 9. O-O Bh5 (9... O-O 10. b4 (10. e4 Rc8 11. e5
Nd5 12. Ne4 c5 13. Bg5 cxd4 14. Qxd4 Bxf3 15. Bxe7 Nxe7 16. Bxf3 Nc6 $17 {
0-1 Arkell,K-Conquest,S/Scarborough 1999/CBM 71 ext (29)}) (10. Ne5 Bh5 11.
Ndf3 (11. Nxd7 Nxd7 12. Nb3 Bd6 13. e4 Qe7 14. Be3 Kh8 15. a4 a5 16. Bd2 Nb6
17. Qc2 Bb4 18. Be3 Nd7 19. h3 Rac8 20. Rac1 Rcd8 21. f4 f5 22. Bd2 Nf6 23. e5
Nd5 24. Nxa5 $16 {1-0 Rashkovsky,N-Najer,E/St Petersburg 1998/CBM 67 (75)})
11... c5 12. Nxd7 Nxd7 13. dxc5 Bxf3 14. Bxf3 Ne5 15. Qe4 Nxf3+ 16. Qxf3 Bxc5
17. Qxb7 Rb8 18. Qf3 Qa5 19. Rd1 Rfd8 20. Bf4 e5 21. Rxd8+ Rxd8 22. Be3 $16 {
1/2-1/2 Portisch,L-Barczay,L/Budapest 1964/MCD (42)}) 10... Nb6 11. Qb3 Qd5 12.
a3 Bxf3 13. Qxf3 Qxd4 14. Nb3 Qd7 15. Bf4 Rfd8 16. Nc5 Qc8 $17 {0-1 Tetenkina,
I-Olafsson,H/Aaland-Stockholm 1997/EXT 98 (31)}) 10. Qb3 Nb6 11. a4 a5 12. Nb1
O-O 13. Rd1 Nbd5 14. Nc3 Ra6 15. e3 Qb6 16. Qxb6 Rxb6 $11 {1/2-1/2 Yevseev,
D-Najer,E/Samara 2000/CBM 78 (67)}) 9. O-O (9. Qb3 Nb6 (9... Qb6 10. Nc4 Qxb3
11. Nxd6+ Ke7 12. axb3 Bxf3 13. Bxf3 Kxd6 14. Bd2 Rhd8 15. Ba5 Nb6 16. e3 Nfd7
17. Ke2 e5 18. Rhd1 $16 {1-0 Razuvaev,Y-Pelletier,Y/Biel 1995/CBM 48 ext (39)})
10. O-O O-O 11. Nc4 Nxc4 12. Qxc4 Qa5 13. Bd2 Qh5 14. Bb4 Ne4 15. Bxd6 Nxd6 16.
Qb4 Rfd8 17. Rac1 Qb5 18. Qxb5 Nxb5 $11 {1/2-1/2 Andrianov,N-Kharitonov,A/
Jurmala 1983/MCL (30)}) 9... O-O 10. Qc2 Bc7 11. b3 e5 12. Bb2 Re8 $10 {
Portisch,L-Polugaevsky,L/Budapest/1963}) (7... Bxf3 8. Nxf3 Qa5+ (8... e6 9.
Bg2 Bd6 10. O-O O-O 11. Rd1 {1/2-1/2 Knezevic,M-Garcia Palermo,C/Bayamo 1985/
MCL (11)}) 9. Bd2 Qd5 10. Qd3 Ne4 11. Be3 e6 12. Bg2 Qa5+ 13. Kf1 Nef6 14. Bf4
Rd8 15. Qc2 Be7 16. Nd2 O-O 17. Bf3 c5 18. Nb3 Qa4 19. dxc5 Nxc5 20. Kg2 $14 {
1-0 Portisch,L-Kozomara,V/Sarajevo 1963/MCD (63)}) (7... Qa5 8. Bg2 e5 9. O-O
Bd6 $6 10. Qb3 $1 $16 {1-0 Taimanov,M-Novopashin,A/Yerevan 1962/URS-ch/
[Moiseev] (32)}) 8. Bg2 e5 $2 (8... e6 9. O-O Be7 10. e4 $14) 9. Nxe5 Nxe5 10.
dxe5 Qxe5 11. h3 (11. Bxc6+ $1 bxc6 12. Qxc6+ Ke7 13. Qb7+ Ke6 14. f3 Rb8 15.
Qc6+ Qd6 16. Qc4+ Qd5 17. fxg4 $16) 11... Bd7 {1/2-1/2 Kortschnoj,V-Bareev,E/
Enghien les Bains 2003/CBM 96/[Huzman] (29)}) (6... e6 7. Ne5 (7. g3 Be7 8. Bg2
Qd5 9. O-O O-O 10. b3 Nbd7 11. Bb2 Qh5 12. Rfe1 $14 {1-0 Moutousis,
K-Ornithopoulos,N/Ano Liosia 1992/EXT 2003 (40)}) (7. h3 Bh5 8. g4 Bg6 9. Ne5
Nbd7 10. Nxg6 hxg6 11. Bg2 Be7 12. O-O e5 13. dxe5 Nxe5 14. Qc3 Qc7 15. Nf3 $2
Nfxg4 $17 {0-1 Piven,I-Steiner,B/Budapest 1994/EXT 97 (42)}) 7... Bf5 8. f3
Nfd7 9. e4 Bg6 10. Qc3 Qc7 11. Be2 a5 12. Nd3 Bd6 13. e5 Be7 14. Ne4 O-O 15.
O-O Nb6 16. Nf4 $14 {1/2-1/2 Von Kiedrowski,K-Meyer Cording,C/Hessen 1992/GER 
(47)}) 7. Qb3 (7. Ne5 Be6 8. Qc3 $5 Qxc3 (8... Qd5 9. f3 Nbd7 10. e4 Qd6 11.
Ndc4 $16) 9. bxc3 Nbd7 (9... Nd5 10. Bb2 Nb6 11. a4 a5 12. e4 $14) 10. Nxd7
Nxd7 11. e4 g6 12. a4 $14) 7... Qb6 8. Nc4 Qxb3 9. axb3 Nbd7 ({A different way
of developing the Nb8 was enough for equality.} 9... Na6 $5 10. Ra4 (10. Bd2 e6
11. Nfe5 Nb4 $11) (10. Na5 Nb4 11. Ra4 Nc2+ 12. Kd1 b5 $17) (10. Nfe5 Nb4 $11)
10... e6 11. Bd2 Nc7 12. Nce5 Bh5 $11) 10. Nfe5 Nxe5 (10... Be6 11. Nxd7 Nxd7
12. e4 $14) 11. dxe5 Nd7 12. e4 g6 13. Be3 Bg7 14. f4 Be6 (14... g5 $2 15. f5
$16 {[%csl Rg4]}) 15. Be2 (15. Rxa7 Rxa7 16. Bxa7 g5 17. g3 gxf4 18. gxf4 Bh6
19. Be3 (19. f5 Bxc4 20. bxc4 Nxe5 $11) 19... Bxc4 20. Bxc4 Nxe5 $11) 15... O-O
16. Na5 f6 17. g4 $5 {White prevents the opening of the diagonal for Bg7 by
the last move and it gives him good chances for an advantage.} (17. exf6 Nxf6
18. Bf3 Bc8 19. O-O $14) 17... fxe5 18. f5 Bf7 19. Nxb7 Rfb8 (19... Bxb3 20.
Bd3 (20. Na5 Bc2 21. Bf3 Nf6 22. Nxc6 Bxe4 23. Bxe4 Nxe4 24. Ra4 Nd6 25. fxg6
hxg6 26. Ke2 $14) 20... Bf7 21. Na5 $14) 20. Na5 gxf5 $2 ({Black missed a good
chance for counterplay:} 20... Nf6 $1 21. Bf3 gxf5 22. gxf5 e6 23. Rg1 Kh8 24.
Nxc6 Rxb3 25. Ra3 exf5 26. exf5 e4 $11) 21. gxf5 Nf6 22. Rg1 Kh8 23. Bd3 $2 ({
It is obvious that after} 23. Nxc6 $1 Rxb3 24. Nxe5 Rxe3 25. Nxf7+ Kg8 26. Ng5
$16 {White has better chances.}) 23... Rd8 24. Bc2 Bh5 25. h3 e6 26. fxe6 Re8
27. Nb7 (27. b4 Rxe6 28. Bb3 Ree8 29. Nxc6 Nxe4 30. Bd5 Nf6 31. Bc4 Ne4 32. Be2
$14) 27... Rxe6 28. Nc5 Rd6 29. Nb7 (29. b4 $14) 29... Rd7 30. Nc5 Rd6 31. Nb7
Rd7 32. Nc5 Rd6 1/2-1/2